Countries of darts players - Statistics

General Stats
  • This quiz has been taken 67 times
  • The average score is 22 of 40
Answer Stats
Hint Answer % Correct
Dimitri van den Bergh Belgium
85%
Xiaochen Zong China
85%
Luke Humphires England
83%
Martin Schindler Germany
83%
William O'Connor Ireland
83%
Jose de Sousa Portugal
80%
Gary Anderson Scotland
78%
Gerwyn Price Wales
78%
Damon Heta Australia
73%
Thibault Tricole France
73%
Haruki Muramatsu Japan
70%
Krzysztof Ratajski Poland
70%
Cristo Reyes Spain
68%
Matt Campbell Canada
65%
Nitin Kumar India
65%
Josh Rock Northern Ireland
65%
Boris Koltsov Russia
65%
Darius Labanauskas Lithuania
63%
Boris Krcmar Croatia
58%
Per Laursen Denmark
58%
Stowe Buntz United States
55%
Madars Razma Latvia
53%
Paul Lim Singapore
53%
Stefan Bellmont Switzerland
50%
Michele Turetta Italy
48%
Cor Dekker Norway
48%
Paolo Nebrida Philippines
48%
Oskar Lukasiak Sweden
48%
Man Lok Leung Hong Kong
45%
Rashad Sweeting The Bahamas
45%
Adam Gawlas Czechia
40%
Marko Kantele Finland
40%
Ben Robb New Zealand
40%
Cameron Carolissen South Africa
40%
Peter Wachiuri Kenya
33%
Benjamin Pratnemer Slovenia
33%
Pal Szekely Hungary
28%
Norman Madhoo Guyana
18%
Dylan Duo Gibraltar
15%
Tengku Shah Malaysia
13%
No matching quizzes found
Score Distribution
Percent of People with Each Score
Percentile by Number Answered
Your Score History
You have not taken this quiz